[Event "Høstturnering"]
[Site "Ås"]
[Date "1993.10.10"]
[Round "4"]
[White "Roseth, Kjell"]
[Black "Lea, Per"]
[Result "0-1"]
[WhiteElo "1187"]
[BlackElo "1567"]
[PlyCount "48"]
[EventDate "1993.??.??"]

1. e4 e5 2. Nf3 Nc6 3. Bb5 a6 4. Ba4 Nf6 5. d3 b5 6. Bb3 Be7 7. O-O O-O 8. Bd2
d6 9. h3 Bb7 10. Nc3 Na5 11. Nd5 Nxb3 12. Nxe7+ Qxe7 13. axb3 Nd7 14. b4 f5 15.
Bg5 Qe6 16. Nd2 Qg6 17. f4 h6 18. Bh4 fxe4 19. dxe4 exf4 20. Qe2 Rae8 21. Rae1
d5 22. b3 dxe4 23. c4 f3 24. Qf2 e3 0-1

[Event "Høstturnering"]
[Site "Ås"]
[Date "1993.10.26"]
[Round "5"]
[White "Weberg, Øyvind"]
[Black "Lea, Per"]
[Result "1-0"]
[WhiteElo "1603"]
[BlackElo "1567"]
[PlyCount "103"]
[EventDate "1993.??.??"]

1. e4 e5 2. Nf3 Nc6 3. Bb5 a6 4. Ba4 Nf6 5. O-O Be7 6. Re1 b5 7. Bb3 O-O 8. c3
d6 9. d4 Bg4 10. Be3 Na5 11. Bc2 Nc4 12. Bc1 c5 13. d5 Qc7 14. b3 Nb6 15. Nbd2
a5 16. Nf1 Rfc8 17. Ne3 Bd7 18. Bb2 b4 19. c4 a4 20. Qd2 a3 21. Bc1 g6 22. Rd1
Bf8 23. Nf1 Bg7 24. Qg5 Nh5 25. g3 Bf6 26. Qh6 Bg7 27. Qe3 Rf8 28. Bd2 Qc8 29.
Rac1 Rb8 30. Nh4 Nf6 31. Qe2 Qe8 32. f3 Nh5 33. Ng2 Qc8 34. g4 Nf6 35. Nfe3 h5
36. h3 hxg4 37. hxg4 Bh6 38. Rf1 Kg7 39. Kf2 Rh8 40. Rh1 Ra8 41. Rcg1 Bxe3+ 42.
Nxe3 Rxh1 43. Rxh1 Qc7 44. Nf5+ gxf5 45. Bh6+ Kh8 46. gxf5 Rg8 47. Qf1 Bxf5 48.
exf5 Nh7 49. f6 Rg6 50. Bxg6 fxg6 51. Bg7+ Kg8 52. Qh3 1-0

[Event "Høstturnering"]
[Site "Ås"]
[Date "1993.11.09"]
[Round "6"]
[White "Lea, Per"]
[Black "Skaug, Thorbjørn"]
[Result "1-0"]
[WhiteElo "1567"]
[BlackElo "1131"]
[PlyCount "45"]
[EventDate "1993.??.??"]

1. e4 e6 2. d4 a6 3. Nf3 b5 4. a4 b4 5. c4 bxc3 6. Nxc3 Bb4 7. Qb3 c5 8. Be3
Qa5 9. Bc4 Bb7 10. Nd2 Bc6 11. O-O Ne7 12. d5 exd5 13. exd5 Bb7 14. d6 Nf5 15.
Bxf7+ Kf8 16. Nc4 Qd8 17. Bd5 Nc6 18. Bxc5 Bxc5 19. Qxb7 Nxd6 20. Nxd6 Bxd6 21.
Bxc6 dxc6 22. Qxc6 Qc7 23. Qxa8+ 1-0

[Event "Høstturnering"]
[Site "Ås"]
[Date "1993.12.20"]
[Round "7"]
[White "Hellberg, Lars"]
[Black "Lea, Per"]
[Result "0-1"]
[WhiteElo "1329"]
[BlackElo "1567"]
[PlyCount "50"]
[EventDate "1993.??.??"]

1. e4 e5 2. Nf3 Nc6 3. Bb5 a6 4. Ba4 Nf6 5. d4 exd4 6. e5 Ne4 7. O-O Be7 8. c3
dxc3 9. Nxc3 Nxc3 10. bxc3 O-O 11. Bb2 b5 12. Bc2 Re8 13. Re1 d6 14. Qd3 g6 15.
Nd4 Nxe5 16. Qe4 Bd7 17. f4 Nc4 18. Bb3 Bh4 19. Bxc4 Rxe4 20. Rxe4 bxc4 21. Nf3
d5 22. Rd4 c6 23. f5 Bf6 24. Rdd1 Qb6+ 25. Kh1 Qxb2 0-1

[Event "Høstturnering"]
[Site "Ås"]
[Date "1993.11.30"]
[Round "8"]
[White "Lea, Per"]
[Black "Grønvold, Jan"]
[Result "0-1"]
[WhiteElo "1567"]
[BlackElo "1310"]
[PlyCount "40"]
[EventDate "1993.??.??"]

1. e4 c5 2. Nf3 Nf6 3. e5 Nd5 4. Nc3 Nxc3 5. bxc3 e6 6. d4 Nc6 7. Bb5 Qa5 8.
Bxc6 bxc6 9. Bd2 Ba6 10. Ng5 Be7 11. h4 O-O 12. Qh5 h6 13. f4 Rab8 14. a4 Rb2
15. Kd1 Qb6 16. Rh3 cxd4 17. cxd4 Qxd4 18. Rg3 Rxc2 19. Kxc2 Qxa1 20. Bc3 Qxa4+
0-1

[Event "Høstturnering"]
[Site "Ås"]
[Date "1993.12.14"]
[Round "9"]
[White "Olsen, Trygve"]
[Black "Lea, Per"]
[Result "0-1"]
[WhiteElo "1212"]
[BlackElo "1567"]
[Annotator "Lea,Per"]
[PlyCount "30"]
[EventDate "1993.??.??"]

1. f4 e5 2. fxe5 d6 3. Nf3 Nc6 (3... dxe5 4. Nxe5 Bd6 5. Nf3 Nf6) 4. d4 Bg4 5.
Nbd2 dxe5 6. dxe5 Qe7 7. c3 Nxe5 8. Nxe5 Qxe5 9. Qa4+ Bd7 10. Qb3 O-O-O 11.
Qxf7 Nh6 12. Qf2 Bc5 13. Qh4 Ng4 14. g3 Qd5 (14... Bf2+ 15. Kd1 Ne3#) 15. Nf3
Bf2# 0-1

[Event "Klubbmesterskap klasse 1"]
[Site "Ås"]
[Date "1994.02.08"]
[Round "1"]
[White "Lea, Per"]
[Black "Ådnøy, Hallvard Voll"]
[Result "1-0"]
[WhiteElo "1552"]
[BlackElo "1393"]
[PlyCount "73"]
[EventDate "1994.02.08"]

1. e4 c6 2. d4 d5 3. Nc3 dxe4 4. Nxe4 Nd7 5. Bc4 Ngf6 6. Qe2 Nxe4 7. Qxe4 Nf6
8. Qd3 e6 9. Bg5 Be7 10. Nf3 b5 11. Bb3 a5 12. a4 Ba6 13. Ne5 Qb6 14. O-O Rd8
15. Rfd1 c5 16. dxc5 Qxc5 17. Qe3 Rc8 18. axb5 Bxb5 19. Rxa5 Qxe3 20. Bxe3 Be2
21. Ba4+ Kf8 22. Nd7+ Nxd7 23. Rxd7 Bb4 24. Raa7 Bh5 25. c3 Bxc3 26. bxc3 Rb8
27. Bc5+ Kg8 28. Bb4 h6 29. Bc2 g5 30. g4 Rxb4 31. cxb4 Bxg4 32. Rxf7 Bh5 33.
Rfb7 Be8 34. Bb3 Kf8 35. Bxe6 g4 36. Rb8 g3 37. Rf7+ 1-0

[Event "Klubbmesterskap klasse 1"]
[Site "Langø, Tor"]
[Date "1994.04.05"]
[Round "2"]
[White "Langø, Tor"]
[Black "Lea, Per"]
[Result "0-1"]
[WhiteElo "1310"]
[BlackElo "1552"]
[PlyCount "88"]
[EventDate "1994.02.08"]

1. e4 e5 2. Nf3 Nc6 3. d4 exd4 4. Nxd4 Bc5 5. Nxc6 Qf6 6. Qf3 dxc6 7. Qxf6 Nxf6
8. Bd3 O-O 9. O-O Ng4 10. Bf4 Bd6 11. Bxd6 cxd6 12. Re1 Ne5 13. Bf1 f5 14. f4
Ng6 15. Bc4+ Kh8 16. g3 fxe4 17. Nc3 Bf5 18. Re3 Rad8 19. Bb3 d5 20. Re2 Rfe8
21. Rae1 e3 22. Nxd5 cxd5 23. Rxe3 Rxe3 24. Rxe3 Be4 25. c4 dxc4 26. Bxc4 Bc6
27. Re2 Rd1+ 28. Kf2 Rh1 29. Ke3 Ne7 30. Kd2 Nf5 31. b4 Nd4 32. Re7 Rxh2+ 33.
Kd3 Nf5 34. Rf7 g6 35. g4 Rh3+ 36. Kd2 Nd6 37. Rf8+ Kg7 38. Rg8+ Kf6 39. g5+
Kf5 40. Rf8+ Ke4 41. Be2 Ra3 42. Rf6 Rxa2+ 43. Ke1 Nf5 44. Re6+ Kxf4 0-1

[Event "Klubbmesterskap klasse 1"]
[Site "Ås"]
[Date "1994.02.22"]
[Round "3"]
[White "Lea, Per"]
[Black "Hellberg, Lars"]
[Result "1-0"]
[WhiteElo "1552"]
[BlackElo "1264"]
[PlyCount "49"]
[EventDate "1994.02.08"]

1. e4 e5 2. Nc3 Nf6 3. f4 d5 4. fxe5 Nxe4 5. Nf3 Bg4 6. Qe2 Ng5 7. h4 Ne6 8.
Qf2 Nc6 9. Bb5 Bc5 10. d4 Bb6 11. Be3 O-O 12. Bxc6 bxc6 13. O-O-O Qe7 14. h5
Rab8 15. Qg3 Bxf3 16. gxf3 f5 17. f4 c5 18. Nxd5 Qd8 19. dxc5 Qe8 20. cxb6 axb6
21. Nf6+ Rxf6 22. exf6 Qf7 23. fxg7 Nc5 24. Bxc5 Qxa2 25. Qb3+ 1-0

[Event "Klubbmesterskap klasse 1"]
[Site "Ås"]
[Date "1994.03.15"]
[Round "4"]
[White "Brennvall, Jon Eirik"]
[Black "Ådnøy, Hallvard Voll"]
[Result "1/2-1/2"]
[WhiteElo "1626"]
[BlackElo "1393"]
[PlyCount "52"]
[EventDate "1994.02.08"]

1. e4 c6 2. d4 d5 3. e5 Bf5 4. f4 e6 5. Nf3 Nd7 6. Bd3 Bxd3 7. Qxd3 c5 8. Be3
Qb6 9. b3 cxd4 10. Bxd4 Bc5 11. c3 Ne7 12. Nbd2 Nc6 13. Bxc5 Nxc5 14. Qe2 O-O
15. c4 Nb4 16. Kf1 Ncd3 17. g3 Rac8 18. a3 Qa6 19. Kg2 Nc2 20. Qxd3 Nxa1 21.
Rxa1 dxc4 22. Nxc4 Rfd8 23. Qe4 Qb5 24. Nd6 Qxb3 25. Rb1 Rc2+ 26. Kh3 Qxb1
1/2-1/2

[Event "Klubbmesterskap klasse 1"]
[Site "Ås"]
[Date "1994.03.01"]
[Round "4"]
[White "Bakken, Svein-Erik"]
[Black "Lea, Per"]
[Result "0-1"]
[WhiteElo "1320"]
[BlackElo "1552"]
[PlyCount "80"]
[EventDate "1994.02.08"]

1. d4 d5 2. c4 e6 3. a3 Nf6 4. Bg5 Be7 5. Nc3 O-O 6. Nf3 Nbd7 7. e3 c6 8. cxd5
exd5 9. Bd3 Ne4 10. Bxe7 Qxe7 11. Qc2 f5 12. h4 Ndf6 13. Ne5 Be6 14. f3 Ng3 15.
Rh2 Nd7 16. Ne2 Nxe2 17. Qxe2 f4 18. e4 Nxe5 19. dxe5 d4 20. Bc4 Kh8 21. Rd1 c5
22. Bd5 Rad8 23. Qc4 Bxd5 24. exd5 Qxe5+ 25. Kf2 Qxd5 26. Rc1 d3 27. Qxd5 Rxd5
28. Rd1 Re8 29. Rd2 Rde5 30. g4 Re2+ 31. Kg1 Re1+ 32. Kg2 R8e2+ 33. Kh3 Rxh2+
34. Rxh2 Re2 35. Rh1 Rxb2 36. Re1 Re2 37. Rc1 b6 38. a4 Kg8 39. g5 d2 40. Rd1
c4 0-1

[Event "Klubbmesterskap klasse 1"]
[Site "Ås"]
[Date "1994.03.08"]
[Round "5"]
[White "Lea, Per"]
[Black "Wilberg, Alf"]
[Result "1-0"]
[WhiteElo "1552"]
[BlackElo "1583"]
[PlyCount "105"]
[EventDate "1994.02.08"]

1. e4 c6 2. d4 d5 3. Nc3 dxe4 4. Nxe4 Nf6 5. Nxf6+ gxf6 6. Bc4 Bf5 7. Bf4 e6 8.
Qd2 Bd6 9. Ne2 Qc7 10. O-O-O Nd7 11. Bxd6 Qxd6 12. Ng3 Bg6 13. Qh6 Qf8 14. Qf4
O-O-O 15. Ne4 Nb6 16. Bb3 Nd5 17. Bxd5 Rxd5 18. c4 e5 19. Qxf6 Bxe4 20. cxd5
Bxd5 21. dxe5 Qc5+ 22. Kb1 Rd8 23. Qf5+ Kc7 24. Qf4 Qa5 25. e6+ Kc8 26. Rxd5
Qxd5 27. exf7 Rf8 28. Qg4+ Kc7 29. Qf4+ Kc8 30. Re1 Rxf7 31. Qg4+ Kc7 32. Rd1
Qe5 33. Qg8 Qf5+ 34. Ka1 Rf8 35. Qg7+ Rf7 36. Qg3+ Kc8 37. Qd6 Rf8 38. f3 h5
39. Rd3 Qf7 40. g4 hxg4 41. fxg4 Qf1+ 42. Rd1 Qf7 43. g5 Rg8 44. h4 Qe8 45. Rg1
Rg6 46. Qf4 Re6 47. Qf5 Kc7 48. Qb1 Re4 49. h5 a5 50. g6 Rh4 51. g7 Qg8 52. Qg6
a4 53. Qg3+ 1-0

[Event "Klubbmesterskapet 1994 (A)"]
[Site "Ås, Akershus NOR"]
[Date "1994.03.08"]
[Round "5"]
[White "Weberg, Øivind"]
[Black "Brennvall, Jon Eirik"]
[Result "1-0"]
[WhiteElo "1639"]
[BlackElo "1626"]
[Annotator "Lea,Per"]
[PlyCount "46"]

1. c4 e5 2. Nc3 Nf6 3. g3 d5 4. cxd5 Nxd5 5. Bg2 c6 6. Nf3 Be7 7. O-O Nd7 8. d3
Nc5 9. Bg5 f6 10. Bd2 Bg4 11. a3 Qd7 12. Re1 h5 13. b4 Ne6 14. Nh4 Nxc3 15.
Bxc3 Ng5 16. Qd2 Nh3+ 17. Kf1 g5 18. Nf3 h4 19. d4 hxg3 20. hxg3 e4 21. Qe3 Qe6
22. Nd2 Nxf2 23. Kxf2 Qf5+ 1-0

[Event "Klubbmesterskap klasse 1"]
[Site "Ås"]
[Date "1994.03.15"]
[Round "6"]
[White "Weberg, Øyvind"]
[Black "Lea, Per"]
[Result "1/2-1/2"]
[WhiteElo "1639"]
[BlackElo "1552"]
[PlyCount "136"]
[EventDate "1994.02.08"]

1. c4 c5 2. Nc3 Nc6 3. g3 g6 4. Bg2 Bg7 5. Nf3 Nf6 6. O-O O-O 7. d3 a6 8. Bd2
Qc7 9. a3 e6 10. Ne1 b6 11. Nc2 Bb7 12. b4 Ne7 13. e4 d5 14. bxc5 bxc5 15. exd5
exd5 16. Rb1 Bc6 17. Bf4 Qd7 18. Re1 Rfe8 19. Rb6 Qa7 20. Qb1 Nd7 21. Rb3 Nf6
22. Nxd5 Nexd5 23. cxd5 Rxe1+ 24. Nxe1 Nxd5 25. Bd2 Re8 26. Ba5 Re2 27. Bf3 Re8
28. Bb6 Qe7 29. Ba5 Qa7 30. Bd2 Be5 31. Ng2 Rb8 32. Ne3 Nxe3 33. Bxc6 Nf5 34.
Be4 Nd4 35. Rb7 Rxb7 36. Qxb7 Qxb7 37. Bxb7 Ne2+ 38. Kf1 Nd4 39. Bxa6 Nb3 40.
Be3 Bb2 41. Bc4 Nd4 42. Bxd4 cxd4 43. a4 Bc3 44. Ke2 Kf8 45. Kf3 Ke7 46. Ke4 f6
47. Bg8 h6 48. f4 Kf8 49. Bc4 Ke7 50. g4 Kd6 51. h4 g5 52. h5 gxf4 53. Kxf4
Bd2+ 54. Ke4 Be3 55. a5 Kc6 56. Ba6 Kc7 57. Kd5 Kb8 58. Kc5 Ka7 59. Bb5 Bf2 60.
Kd6 Be3 61. Ke6 Bg5 62. Kf5 Kb8 63. Ke4 Be3 64. g5 fxg5 65. Kf5 Kc7 66. Bc4 Kb7
67. Bd5+ Ka6 68. Bf3 g4 1/2-1/2

[Event "Klubbmesterskap klasse 1"]
[Site "Ås"]
[Date "1994.04.12"]
[Round "7"]
[White "Lea, Per"]
[Black "Brennvall, Jon-Eirik"]
[Result "0-1"]
[WhiteElo "1552"]
[BlackElo "1626"]
[PlyCount "144"]
[EventDate "1994.02.08"]

1. e4 e5 2. Nf3 Nc6 3. Bc4 Bc5 4. c3 Nf6 5. d4 Bb6 6. Bg5 h6 7. Bh4 g5 8. Bg3
Nxe4 9. Nxe5 d5 10. Qh5 Be6 11. Bb5 Nxg3 12. hxg3 Qd6 13. Nd2 a6 14. Ba4 Ke7
15. Nxc6+ bxc6 16. Nf3 f6 17. O-O-O Ba5 18. Rd3 Kf8 19. Qg6 Bf7 20. Qf5 Kg7 21.
Re3 Rae8 22. Rxe8 Rxe8 23. Bc2 Rh8 24. Re1 Bb6 25. Nh2 c5 26. dxc5 Bxc5 27. Re2
a5 28. f4 a4 29. Bxa4 Qa6 30. Qc2 Bg6 31. f5 Bf7 32. Bb3 Bd6 33. Nf1 Re8 34.
Ne3 Bxg3 35. Kb1 Bf4 36. Qd2 Qa7 37. Bxd5 Bxe3 38. Qd3 Rd8 39. Qxe3 Qxe3 40.
Rxe3 Rxd5 41. g4 Kf8 42. Kc2 h5 43. gxh5 Bxh5 44. Rh3 Bf7 45. Rh8+ Kg7 46. Rc8
Rxf5 47. Rxc7 Rf2+ 48. Kc1 Rf4 49. Kd2 g4 50. Ke3 Rf3+ 51. Ke2 Kg6 52. c4 Rf4
53. b3 g3 54. Rd7 Rf2+ 55. Ke1 Rxa2 56. Kf1 g2+ 57. Kg1 Be6 58. Rd1 Rb2 59. Re1
Kf7 60. Re3 f5 61. Rc3 Ke7 62. Rg3 Kd6 63. Re3 Bc8 64. Rd3+ Kc7 65. Rg3 Bb7 66.
Kh2 Rb1 67. c5 g1=Q+ 68. Rxg1 Rxg1 69. Kxg1 Kc6 70. b4 Kb5 71. Kf2 Kxb4 72. Ke3
Kxc5 0-1

[Event "Klubbmesterskap klasse 1"]
[Site "Ås"]
[Date "1994.04.26"]
[Round "9"]
[White "Brenden, Odd"]
[Black "Lea, Per"]
[Result "1/2-1/2"]
[WhiteElo "1189"]
[BlackElo "1552"]
[PlyCount "140"]
[EventDate "1994.02.08"]

1. e4 e5 2. Nf3 Nc6 3. d4 exd4 4. c3 d3 5. Bxd3 Bc5 6. Nbd2 Nf6 7. Nb3 Bb6 8.
Nbd4 d6 9. Bg5 Ne5 10. Nxe5 dxe5 11. Nf3 Qe7 12. Qc2 Bd7 13. Nh4 h6 14. Bxf6
Qxf6 15. Nf5 O-O-O 16. O-O-O g6 17. Ne3 Bxe3+ 18. fxe3 Qg5 19. Qf2 Rhf8 20. h3
Be6 21. Kb1 Qe7 22. Rd2 Qc5 23. Rhd1 Rd6 24. Qe2 Rb6 25. c4 Rb4 26. Rc1 Rd8 27.
Rc3 Qb6 28. Rdc2 c5 29. b3 a5 30. Rb2 a4 31. a3 Rxb3 32. Rbxb3 axb3 33. Qb2
Rxd3 34. Rxd3 Bxc4 35. Rd2 Qf6 36. Qc3 b5 37. a4 Qe7 38. axb5 Bxb5 39. Qxb3 Qb7
40. Kc1 Bc6 41. Qd3 Qe7 42. Qa6+ Qb7 43. Qa5 Qc7 44. Qxc5 Bxe4 45. Qxc7+ Kxc7
46. Kb2 Kc6 47. g3 Bd5 48. Kc3 f5 49. Kd3 Kd6 50. Ke2 g5 51. g4 e4 52. Kf2 fxg4
53. hxg4 Ke5 54. Rd4 Bf7 55. Rb4 h5 56. Rb5+ Kf6 57. Rf5+ Kg6 58. Re5 hxg4 59.
Kg3 Kh5 60. Rxe4 Be6 61. Rd4 Kg6 62. Rd1 Kf6 63. Rh1 Kf5 64. Rh8 Kg6 65. Re8
Kf7 66. Rd8 Ke7 67. Rd4 Kf6 68. Rxg4 Bxg4 69. Kxg4 Ke5 70. Kxg5 Ke4 1/2-1/2

[Event "Stikkamp Klubbmesterskap"]
[Site "Ås"]
[Date "1994.05.31"]
[Round "1"]
[White "Weberg, Øyvind"]
[Black "Lea, Per"]
[Result "1-0"]
[WhiteElo "1639"]
[BlackElo "1552"]
[PlyCount "71"]
[EventDate "1994.02.08"]
[TimeControl "30"]

1. c4 c5 2. Nc3 Nc6 3. g3 g6 4. Bg2 Bg7 5. Nf3 Nf6 6. O-O O-O 7. d3 d6 8. Bd2
Bd7 9. a3 a6 10. Rb1 Rb8 11. b4 cxb4 12. axb4 b5 13. cxb5 axb5 14. Qc2 d5 15.
Ng5 h6 16. Nf3 e6 17. Bf4 Rb6 18. Bd6 Re8 19. Bc5 Rb8 20. Rfd1 Qc7 21. e4 Red8
22. d4 dxe4 23. Nxe4 Nxe4 24. Qxe4 Bc8 25. Ra1 Bb7 26. Qe3 Ra8 27. Qd3 Ba6 28.
Ra2 Qc8 29. Rda1 Kh7 30. Nd2 Bxd4 31. Bxd4 Rxd4 32. Qf3 Ra7 33. Qxc6 Rc7 34.
Qxa6 Rc1+ 35. Nf1 Rdd1 36. Qxc8 1-0

[Event "Stikkamp Klubbmesterskap"]
[Site "Ås"]
[Date "1994.05.31"]
[Round "2"]
[White "Lea, Per"]
[Black "Weberg, Øyvind"]
[Result "1-0"]
[WhiteElo "1552"]
[BlackElo "1639"]
[PlyCount "64"]
[EventDate "1994.05.31"]
[TimeControl "30"]

1. e4 e5 2. Nf3 d6 3. d4 exd4 4. Qxd4 Qf6 5. Nc3 Qxd4 6. Nxd4 c6 7. Be3 Nf6 8.
f3 Be7 9. O-O-O O-O 10. g4 h6 11. Nf5 Bxf5 12. gxf5 Nbd7 13. Rg1 Kh7 14. f4 Nc5
15. Bxc5 dxc5 16. e5 Nh5 17. Rd7 Rae8 18. Rg4 Nxf4 19. f6 gxf6 20. Rxf4 fxe5
21. Bd3+ Kg7 22. Rg4+ Bg5+ 23. Kd1 Kf6 24. Ne4+ Ke6 25. Nxc5+ Kf6 26. Rxb7 Re7
27. Ne4+ Ke6 28. Nxg5+ hxg5 29. Rxe7+ Kxe7 30. Rxg5 Ke6 31. Ke2 Rh8 32. Rg2 f5
1-0

[Event "Stikkamp Klubbmesterskap"]
[Site "Ås"]
[Date "1994.05.31"]
[Round "3"]
[White "Lea, Per"]
[Black "Weberg, Øyvind"]
[Result "1-0"]
[WhiteElo "1552"]
[BlackElo "1639"]
[PlyCount "39"]
[EventDate "1994.05.31"]
[TimeControl "30"]

1. e4 e5 2. Nf3 Nc6 3. Bc4 Be7 4. d4 exd4 5. Nxd4 Ne5 6. Bb3 Nf6 7. f4 Nxe4 8.
fxe5 Bh4+ 9. g3 Nxg3 10. hxg3 Bxg3+ 11. Kd2 Bxe5 12. Qh5 Qf6 13. Bxf7+ Kf8 14.
Bc4 Bf4+ 15. Kc3 g6 16. Qf3 g5 17. Bxf4 gxf4 18. Rf1 c5 19. Qxf4 cxd4+ 20. Qxd4
1-0

[Event "Stikkamp Klubbmesterskap"]
[Site "Ås"]
[Date "1994.05.31"]
[Round "4"]
[White "Weberg, Øyvind"]
[Black "Lea, Per"]
[Result "0-1"]
[WhiteElo "1639"]
[BlackElo "1552"]
[PlyCount "74"]
[EventDate "1994.05.31"]
[TimeControl "30"]

1. c4 c5 2. Nc3 Nc6 3. g3 g6 4. Bg2 Bg7 5. Nf3 Nf6 6. O-O O-O 7. d3 d6 8. Bd2
a6 9. a3 Rb8 10. Rb1 b5 11. cxb5 axb5 12. Ne1 Nd4 13. e3 Ne6 14. b4 Bd7 15. Nc2
Nc7 16. Na1 e6 17. Nb3 cxb4 18. axb4 Na6 19. Nd4 d5 20. Nf3 Ne8 21. d4 Nd6 22.
Ne5 Nc4 23. Nd3 Qe7 24. Nc5 Nxc5 25. dxc5 Bc6 26. Ne2 Ra8 27. Nd4 Bxd4 28. exd4
Ra2 29. Bh6 Rfa8 30. Qg4 Nd2 31. Bxd2 Rxd2 32. h4 Qf6 33. h5 Rxd4 34. Qe2 Ra4
35. h6 Rdxb4 36. Rxb4 Rxb4 37. Ra1 Qxa1+ 0-1

[Event "Klubbmesterskap klasse 2"]
[Site "Ås"]
[Date "1994.02.22"]
[Round "2"]
[White "Samset, Jon"]
[Black "Wierba, Yehuda"]
[Result "1-0"]
[WhiteElo "1088"]
[BlackElo "1221"]
[PlyCount "47"]
[EventDate "1994.??.??"]

1. Nf3 c5 2. g3 Nc6 3. Bg2 d5 4. d4 e6 5. O-O c4 6. c3 g6 7. Bf4 Bg7 8. Nbd2
Nf6 9. h4 O-O 10. Ne5 Ne7 11. e4 dxe4 12. Nexc4 Ned5 13. Nxe4 Nxf4 14. gxf4
Nxe4 15. Bxe4 Qxh4 16. Qf3 Rb8 17. Qg3 Qe7 18. Kg2 f5 19. Bd3 b5 20. Ne5 Bb7+
21. f3 a6 22. Rh1 Bf6 23. Rae1 Kg7 24. Rxh7+ (24. Rxh7+ Kxh7 25. Qxg6+ Kh8 26.
Rh1+ Bh4 27. Qh5+ Qh7 28. Ng6+ Kg7 29. Qxh7+ Kxh7 30. Nxf8+ Rxf8 31. Rxh4+ $18)
1-0

[Event "Klubbmesterskap klasse 2"]
[Site "Ås"]
[Date "1994.02.22"]
[Round "2"]
[White "Skaug, Thorbjørn"]
[Black "Olsen, Trygve"]
[Result "0-1"]
[WhiteElo "1111"]
[BlackElo "1181"]
[PlyCount "150"]
[EventDate "1994.??.??"]

1. b4 d5 2. Bb2 Nd7 3. e3 e5 4. a3 c5 5. b5 e4 6. c4 Ngf6 7. Qb3 Nb6 8. d3 d4
9. dxe4 Nxe4 10. Nf3 Qe7 11. Be2 dxe3 12. Qxe3 Nf6 13. Bxf6 Qxe3 14. fxe3 gxf6
15. O-O Bg7 16. Nbd2 O-O 17. Rad1 Be6 18. Rc1 Bh6 19. Rc3 Na4 20. Rb3 Rad8 21.
Rd1 Nb6 22. Kf2 Nxc4 23. Nxc4 Rxd1 24. Bxd1 Bxc4 25. Rc3 Bxb5 26. Rxc5 Bc6 27.
Nd4 Re8 28. Nf5 Bf8 29. Rc3 Rd8 30. Nd4 Be8 31. Bg4 b6 32. Ke2 Bc5 33. Nb3 Bb5+
34. Kf2 Bxa3 35. Nd4 Bb2 36. Nxb5 Rd2+ 37. Kf3 Bxc3 38. Nxc3 Rd8 39. Kf4 Kg7
40. Be2 a5 41. Bb5 Rd2 42. Kf3 Kf8 43. Ne4 Rb2 44. Bd3 Ke7 45. h3 a4 46. Bc4
Rc2 47. Bd5 a3 48. g4 a2 49. Bxa2 Rxa2 50. Nc3 Ra5 51. Ke4 Kd6 52. Ne2 b5 53.
Nd4 b4 54. Nf5+ Rxf5 55. gxf5 b3 56. Kd3 Ke5 57. Kc3 Ke4 58. Kxb3 Kxe3 59. Kc3
Kf4 60. Kd3 Kxf5 61. Ke3 Kg5 62. Kf3 h5 63. Kg3 h4+ 64. Kf3 f5 65. Kg2 f4 66.
Kf2 Kf5 67. Kf3 f6 68. Kf2 Ke4 69. Ke2 f3+ 70. Kf2 Kf4 71. Kg1 Kg3 72. Kh1 Kxh3
73. Kg1 Kg3 74. Kh1 Kf2 75. Kh2 Ke1 0-1

[Event "Klubbmesterskap klasse 2"]
[Site "Ås"]
[Date "1994.03.15"]
[Round "3"]
[White "Hanssen, Jon Fr"]
[Black "Sterk, Michel"]
[Result "1/2-1/2"]
[WhiteElo "1061"]
[BlackElo "988"]
[PlyCount "102"]
[EventDate "1994.??.??"]

1. c4 Nf6 2. Nc3 e6 3. e4 d6 4. d4 c5 5. dxc5 dxc5 6. Qxd8+ Kxd8 7. Nf3 Nc6 8.
Bg5 Be7 9. Rd1+ Nd7 10. Nb5 f6 11. Bf4 e5 12. Be3 a6 13. Nc3 b6 14. Nd5 Nd4 15.
Nxe7 Kxe7 16. Nxd4 cxd4 17. Bd2 Bb7 18. f3 Rac8 19. b4 Rc7 20. a4 Rhc8 21. Bd3
Bc6 22. Ra1 Nb8 23. O-O Rb7 24. f4 b5 25. cxb5 axb5 26. fxe5 fxe5 27. a5 Na6
28. Rac1 Rbc7 29. Rf5 Kd6 30. h4 Bxe4 31. Rxc7 Bxf5 32. Rxc8 Bxc8 33. Bxb5 Nc7
34. Bc4 e4 35. Bf4+ Kd7 36. Kf2 d3 37. Ke3 Bb7 38. b5 Bd5 39. Bxc7 Bxc4 40. b6
Ba6 41. Be5 g6 42. Bc3 Bb7 43. g4 Ke6 44. Kd4 h6 45. Bd2 h5 46. gxh5 gxh5 47.
a6 Bxa6 48. Kxe4 Kd6 49. Be3 Kc6 50. Kf4 d2 51. Bxd2 Kxb6 1/2-1/2

[Event "Høstturnering"]
[Site "Ås"]
[Date "1994.09.20"]
[Round "1"]
[White "Weberg, Øyvind"]
[Black "Samset, Jon"]
[Result "0-1"]
[WhiteElo "1662"]
[BlackElo "1101"]
[PlyCount "60"]
[EventDate "1994.??.??"]

1. e4 e5 2. Nf3 d6 3. d4 exd4 4. Nxd4 Nf6 5. Nc3 Be7 6. Bc4 O-O 7. f3 Re8 8.
Be3 Nc6 9. Qd2 Nxd4 10. Bxd4 b6 11. O-O-O a5 12. h4 h6 13. g4 Nh7 14. Nd5 Bxh4
15. Nxc7 Bg5 16. Bxf7+ Kxf7 17. f4 Qxc7 18. fxg5 Nxg5 19. Rdf1+ Kg8 20. Qf4 Ba6
21. Re1 Bd3 22. Bc3 Rxe4 23. Rxe4 Bxe4 24. Rxh6 gxh6 25. Qf6 Qh7 26. Qxd6 b5
27. Bf6 Rf8 28. Bxg5 hxg5 29. Qe6+ Qf7 30. Qxe4 Qf4+ 0-1

[Event "Høstturnering"]
[Site "Ås"]
[Date "1994.09.20"]
[Round "1"]
[White "Moberg, Jan Rune"]
[Black "Lea, Per"]
[Result "0-1"]
[WhiteElo "1196"]
[BlackElo "1580"]
[PlyCount "60"]
[EventDate "1994.??.??"]

1. d4 d5 2. c4 e5 3. e3 exd4 4. exd4 Nf6 5. c5 Be7 6. Nc3 O-O 7. Be2 Re8 8. Nf3
Bg4 9. O-O c6 10. Bf4 Nbd7 11. Re1 Nf8 12. Ne5 Bxe2 13. Rxe2 Ne6 14. Bd2 Nxd4
15. Re1 Bxc5 16. Nxf7 Rxe1+ 17. Qxe1 Kxf7 18. Rc1 Qe7 19. Be3 Re8 20. Qd2 Nf5
21. Bxc5 Qxc5 22. Ne4 Nxe4 23. Qf4 Qxf2+ 24. Qxf2 Nxf2 25. Rf1 Ng4 26. Rxf5+
Kg6 27. Rf1 Re2 28. Rb1 d4 29. Kf1 d3 30. a3 Nxh2+ 0-1

[Event "Høstturnering"]
[Site "Ås"]
[Date "1994.09.27"]
[Round "2"]
[White "Lea, Per"]
[Black "Furnes, Harald"]
[Result "0-1"]
[WhiteElo "1580"]
[BlackElo "1584"]
[PlyCount "110"]
[EventDate "1994.??.??"]

1. e4 c6 2. d4 d5 3. Nc3 g6 4. e5 Bg7 5. f4 f5 6. Nf3 Nd7 7. Be2 Nf8 8. O-O Nh6
9. h3 Nf7 10. Be3 b6 11. Na4 Bd7 12. c4 Ne6 13. Qb3 Nc7 14. Nc3 Be6 15. Rac1
O-O 16. Rc2 Qd7 17. Rfc1 Rac8 18. a4 h6 19. Qa2 a5 20. b3 Kh7 21. Rd2 Nd8 22.
h4 Bf7 23. Rdd1 Nde6 24. Bd3 Nd8 25. Qc2 Nb7 26. Ne2 Na6 27. Qd2 Nb4 28. Bb1
dxc4 29. bxc4 Rfd8 30. Nc3 Bxc4 31. Na2 Bxa2 32. Bxa2 Nxa2 33. Qxa2 b5 34. axb5
cxb5 35. Rxc8 Rxc8 36. d5 b4 37. Nd4 Rc3 38. Bf2 a4 39. Ra1 b3 40. Qd2 Rc4 41.
Ne6 Rc2 42. Qd3 b2 43. Rb1 Rc1+ 44. Kh2 a3 45. h5 Rxb1 46. hxg6+ Kh8 47. Qxf5
Nd8 48. Qxb1 Nxe6 49. dxe6 Qxe6 50. Bd4 Qb3 51. f5 Qb8 52. Kh3 Bxe5 53. Qe4
Qb3+ 54. Be3 Bf6 55. Qf4 Bg7 0-1

[Event "Høstturnering"]
[Site "Ås"]
[Date "1994.10.13"]
[Round "3"]
[White "Samset, Jon"]
[Black "Lea, Per"]
[Result "0-1"]
[WhiteElo "1101"]
[BlackElo "1584"]
[PlyCount "48"]
[EventDate "1994.??.??"]

1. Nf3 Nf6 2. d4 d5 3. g3 e6 4. Bg2 c5 5. O-O Nc6 6. c3 b5 7. Bg5 h6 8. Bxf6
Qxf6 9. dxc5 Bxc5 10. Nbd2 O-O 11. Rb1 Bb7 12. e3 a6 13. h4 Rfd8 14. Qc2 Rac8
15. Rfd1 e5 16. Bh3 Rc7 17. a3 Bb6 18. Rbc1 d4 19. cxd4 Nxd4 20. Qb1 Rxc1 21.
Rxc1 Nxf3+ 22. Nxf3 Qxf3 23. Kf1 Qh1+ 24. Ke2 Bf3# 0-1

[Event "Høstturnering"]
[Site "Ås"]
[Date "1994.10.11"]
[Round "3"]
[White "Kristiansen, Eirik"]
[Black "Roseth, Kjell"]
[Result "1/2-1/2"]
[WhiteElo "812"]
[BlackElo "1184"]
[PlyCount "106"]
[EventDate "1994.??.??"]

1. e4 e5 2. Nf3 Nc6 3. Bc4 Bc5 4. d4 exd4 5. Ng5 Ne5 6. Qh5 Qe7 7. Bd5 c6 8.
Bb3 Nf6 9. Qh4 Ng6 10. Bxf7+ Kd8 11. Bxg6 d5 12. Nf7+ Kc7 13. Nxh8 hxg6 14.
Bf4+ Kb6 15. Nxg6 Qxe4+ 16. Kf1 Qxc2 17. Nd2 Qxg6 18. Qg5 Qd3+ 19. Ke1 Bb4 20.
Qxg7 Bxd2+ 21. Bxd2 Ne4 22. Qh6 Bf5 23. f3 Nxd2 24. Qxd2 Re8+ 25. Kd1 Qc4 26.
b3 Qb5 27. Qxd4+ Ka6 28. Qa4+ Qxa4 29. bxa4 Bd3 30. Re1 Rc8 31. h4 c5 32. Re5
Rd8 33. Kd2 c4 34. Kc3 d4+ 35. Kd2 Bh7 36. Rb5 c3+ 37. Ke2 d3+ 38. Kd1 d2 39.
Rc5 c2+ 40. Rxc2 Bxc2+ 41. Kxc2 Ka5 42. g4 Kxa4 43. f4 Rd4 44. f5 Rxg4 45. Rh1
Rd4 46. h5 Rd5 47. f6 d1=Q+ 48. Rxd1 Rxh5 49. Rf1 Rc5+ 50. Kb2 Rc8 51. Rf4+ Kb5
52. a4+ Kc6 53. Kc3 Kd7+ 1/2-1/2